| 000 | 00406pab a2200133 454500 | ||
|---|---|---|---|
| 008 | 180718b2015 xxu||||| |||| 00| 0 eng d | ||
| 100 | _aGiest, Sarah | ||
| 245 | _aNetwork capacity- building in high- teach sectors: opening the black box of cluster facilitation policy | ||
| 260 | _c2015 | ||
| 300 | _ap.471-489. | ||
| 650 | _aScience and technology | ||
| 773 | _aPublic Administration | ||
| 909 | _a108771 | ||
| 999 |
_c108766 _d108766 |
||